Financování hromadných žalob - jaký je legislativní vývoj v EU?
Príprava ďalšej verzie národného zákona z pera Ministerstva spravodlivosti upravujúceho v českom právnom prostredí zatiaľ neregulovaný a nevyužívaný koncept hromadných čiže zástupných žalôb je v procese. Príspevok sa venuje legislatívnym úpravám, ktoré mu predchádzali na európskej úrovni.
Salvato in:
| Autore principale: | |
|---|---|
| Natura: | Capitolo di libro |
| Lingua: | ceco |
| Soggetti: | |
| Tags: |
Nessun Tag, puoi essere il primo ad aggiungerne!!
|
MARC
| LEADER | 00000naa a2200000 4500 | ||
|---|---|---|---|
| 001 | 0298903 | ||
| 005 | 20240417075301.2 | ||
| 041 | 0 | |a cze | |
| 044 | |a CZ | ||
| 245 | 1 | 0 | |a Financování hromadných žalob - jaký je legislativní vývoj v EU? |c Jana Andraščiková |
| 520 | |a Príprava ďalšej verzie národného zákona z pera Ministerstva spravodlivosti upravujúceho v českom právnom prostredí zatiaľ neregulovaný a nevyužívaný koncept hromadných čiže zástupných žalôb je v procese. Príspevok sa venuje legislatívnym úpravám, ktoré mu predchádzali na európskej úrovni. | ||
| 610 | 2 | 0 | |a sťažnosti |
| 610 | 2 | 0 | |a žaloby |
| 610 | 2 | 0 | |a financovanie |
| 610 | 2 | 0 | |a spotrebitelia |
| 610 | 2 | 0 | |a legislatíva |
| 610 | 2 | 0 | |a právo |
| 610 | 2 | 0 | |a zákony |
| 610 | 2 | 0 | |a Česko |
| 610 | 2 | 0 | |a Európska únia |
| 100 | 1 | |a Andraščiková, Jana | |